| 000 | 01119cam a2200133 4500500 | ||
|---|---|---|---|
| 005 | 20260329024549.0 | ||
| 041 | _afre | ||
| 042 | _adc | ||
| 100 | 1 | 0 |
_aJaccard, Roland _eauthor |
| 245 | 0 | 0 | _aCioran et compagnie |
| 260 |
_bPresses Universitaires de France,
_c2005. |
||
| 520 | _a«Le temps d’une vie, avez-vous fait bon voyage ? -- Moins pire que je ne l’imaginais. -- A quoi l’attribuez-vous ? -- A l’amitié que Cioran m’a portée, à l’audace que ses livres m’ont donnée. Et à la compagnie de quelques jeunes filles venues d’Extrême-Orient pour adoucir l’amertume des jours et donner un peu plus d’intensité à la volupté de l’éphémère. -- Qu’attendez-vous encore ? -- Que vous me laissiez en paix.»Voici en quelques lignes le ton général de ces pages désenchantées sur la vie, comment affronter la mort puisqu’il faut en finir avec la vie ? Une écriture en apparence frivole et indifférente, profondément grave. | ||
| 856 | 4 | 1 | _uhttps://shs.cairn.info/cioran-et-compagnie--9782130521457?lang=fr&redirect-ssocas=7080 |
| 999 |
_c1934786 _d1934786 |
||